000 00706nam a2200121Ia 4500
008 220620s9999||||xx |||||||||||||| ||und||
100 _aMartiniello, Marco
245 0 _aArts and Refugees: Multidisciplinary Perspectives
546 _aEnglish[eng]
650 _apostmigrant theater||minority arts||n/a||refugees||fair participation||participatory video||representation||improvisation||documentary films||diversity||solidarity||universalism||cultural policies||arts||Syrian artist||political solidarity||political art||creative process||refugee crisis||third space||relational dynamics||Belgium||world music||translation||migration||Italy
856 _uhttps://mdpi.com/books/pdfview/book/1671
942 _cEB
999 _c27444
_d27444